| 000 | 00889nab a2200277 4500 | ||
|---|---|---|---|
| 003 | BR-BrBNA | ||
| 005 | 20240602223706.0 | ||
| 008 | 240602b bl.||||| |||| 00| 0 por d | ||
| 040 |
_aBR-BrBNA _bpor |
||
| 072 |
_aF01 ; H20 ; H01 _b1000 ; 1060 |
||
| 100 | _aZanetti, Marcelo | ||
| 100 | _aGraf, Christiano César Dibbern | ||
| 245 |
_aFuturo dos citros na Flórida _bPerspectivas |
||
| 500 | _a3 ref.; 4 illus. | ||
| 650 | _aCITRICULTURA | ||
| 650 | _aVIVEIRO | ||
| 650 | _aMUDA | ||
| 650 | _aPRODUÇÃO | ||
| 650 | _aVARIEDADE | ||
| 650 | _aPORTA ENXERTO | ||
| 650 | _aDOENÇA DE PLANTA | ||
| 650 | _aFLÓRIDA | ||
| 773 | 0 |
_04769 _9314626 _dBebedouro - SP Grupo Técnico de Assistência e Consultoria em Citrus 2001 _o2024-0878 _tCiência e Pratica (Brazil) _gv. 5(19) p. 10-11; (Oct-Dec 2005) _wBR2024001519 |
|
| 942 | _cAnalítica | ||
| 999 |
_c299862 _d299862 |
||